[Event "Leutersdorf Sparkasse op 15th"]
[Site "Leutersdorf"]
[Date "2011.02.19"]
[Round "4"]
[White "Nestler, Wolfram"]
[Black "Roessler, Franziska"]
[Result "1-0"]
[WhiteElo "1335"]
[BlackElo "1121"]
[PlyCount "73"]
[EventDate "2011.02.18"]
[EventType "swiss"]
[EventRounds "7"]
[EventCountry "GER"]
[SourceTitle "CBM 141 Extra"]
[Source "ChessBase"]
[SourceDate "2011.05.03"]
[SourceVersion "1"]
[SourceVersionDate "2011.05.03"]
[SourceQuality "1"]

1. e4 g6 2. d4 d6 3. Nf3 Bg7 4. Nc3 Nf6 5. Be3 Ng4 6. h3 Nxe3 7. fxe3 0-0 8. Be2 Nd7 9. 0-0 Nf6 10. e5 Nh5 11. Qe1 Bf5 12. e4 Bd7 13. exd6 exd6 14. e5 Qc8 15. Nh2 dxe5 16. dxe5 Bxe5 17. Bxh5 Bd4+ 18. Kh1 Bc6 19. Bf3 Re8 20. Qd2 Be3 21. Qd3 Bd7 22. Bg4 a5 23. Bxd7 Rd8 24. Bxc8 Rxd3 25. cxd3 Rxc8 26. Nf3 c5 27. Rae1 Bh6 28. d4 cxd4 29. Nxd4 Bd2 30. Re7 Bxc3 31. bxc3 Rxc3 32. Rfxf7 Rc8 33. Rxh7 Rc1+ 34. Kh2 Rc8 35. Reg7+ Kf8 36. Ne6+ Ke8 37. Rh8# 1-0